00476 a2200169 450000100060000002000150000604000240002110000330004524000290007824500240010730000070013136200090013865000310014794200070017895201040018599900170028969400 a859855314x cAnchieta - Itaigara aCedraz, Antônio Luiz Ramos10aO cabrito encantadolpor10aO cabrito encantado a270 a2006 4aLiteratura infanto-juvenil cBK 00104070a88.1b88.1d2023-11-21l0o028.5 CED CABp1695/ITAr2023-11-21 20:03:57w2023-11-21yBK c69400d69400